1470 1252 1436 1965 1371 1201 1331 1034 1755 1841 1088 1524 1008 1622 1462 1906 1723 1148 1411 1950 1989 1457 1045 1099 1130 1120 1902 1569 1010 1375 1217 1404 1439 1099 1665 1632 1198 1974 1579 1043 1013 1929 1808 1826 1688 1290 1483 1846 1246 1771 1994 1564 1490 1436 1611 1780 1643 1540 1205 1268 1568 1799 1252 1972 1589 1409 1145 1774 1511 1706 1689 1748 1193 1783 1654 1292 1610 1272 1734 1360 1988 1905 1742 1769 1888 1376 1960 1910 1411 1551 1744 1288 1934 1215 1806 1990 1344 1926 1572 BCNSPRNW ULIB Ver.6.0+V

เปลี่ยนเป็นภาษาไทย

Change to English
 แสดงรายละเอียดบรรณานุกรม
  กลับหน้าหลัก

Brief Record : Get Marc (ISO 2709) : E-mail record : QR code < ปิดหน้าต่าง
LEADER : 00000nam 2200000uu 4500
001    13399123559
003     ULIB
008    141008s2556||||th 000 0 tha d
020    9786162792120
060 04 QY4^bม445พ
110 1  มหาวิทยาลัยมหิดล. ^bคณะแพทยศาสตร์โรงพยาบาลรามาธิบดี.^bภาควิชาพยาธิวิทยา
245 00 พยาธิวิทยาคลินิก =^bClinical pathology /^cบรรณาธิการ ; มานะ โรจนวุฒนนท์
246 31 Clinical pathology
250    พิมพ์ครั้งที่ 2 (ฉบับเรียบเรียงครั้งที่ 2 2556)
260    กรุงเทพฯ :^bภาควิชาพยาธิวิทยา คณะแพทยศาสตร์โรงพยาบาลรามาธิบดี มหาวิทยาลัยมหิดล,^c2556
300    838 หน้า :^bภาพประกอบ ;^c30 ซม.
650  2 Pathology, Clinical
650  7 พยาธิวิทยาคลินิก
650  7 เคมีคลินิก
650  7 ปรสิตวิทยา
650  7 วิทยาภูมิคุ้มกัน
650  7 โลหิตวิทยา
700 0  มานะ โรจนวุฒนนท์,^eบรรณาธิการ
945    ^p1200^l0^i21151
945    ^p1200^l0^i21152
945    ^p1200^l0^i21153
945    ^p1200^l0^i21154
945    ^p1200^l0^i21155
945    ^p1200^l0^i21156
945    ^p1200^l0^i21157
945    ^p1200^l0^i21158
945    ^p1200^l0^i21159
945    ^p1200^l0^i21160
995    ทศพร
999    ^aใช้งานได้ทุกระบบ
รายการนี้ยังไม่มีแท็ก
คุณยังไม่ได้ล็อกอิน คุณสามารถมีกิจกรรมร่วมกับเว็บไซต์ได้ แต่ต้องล็อกอินก่อน ::
  ล็อกอิน

รายการสื่อสารสนเทศ

ลำดับที่ ประเภท เลขเรียก/บาร์โค้ด สถานที่ สถานะ
1. วิทยาศาสตร์การแพทย์ และสุขภาพ
หนังสือสำรอง
สถานะ=หนังสือสำรอง
QY4 ม445พ ฉ.1 
  Barcode: 21151
ห้องสมุดวิทยาเขตนครสวรรค์
►หนังสือทั่วไป:l:General Books
บนชั้น
2. วิทยาศาสตร์การแพทย์ และสุขภาพ
วิทยาศาสตร์การแพทย์ และสุขภาพ
QY4 ม445พ ฉ.10 
  Barcode: 21160
ห้องสมุดวิทยาเขตนครสวรรค์
►หนังสือทั่วไป:l:General Books
บนชั้น
3. วิทยาศาสตร์การแพทย์ และสุขภาพ
วิทยาศาสตร์การแพทย์ และสุขภาพ
QY4 ม445พ ฉ.2 
  Barcode: 21152
ห้องสมุดวิทยาเขตนครสวรรค์
►หนังสือทั่วไป:l:General Books
บนชั้น
4. วิทยาศาสตร์การแพทย์ และสุขภาพ
วิทยาศาสตร์การแพทย์ และสุขภาพ
QY4 ม445พ ฉ.3 
  Barcode: 21153
ห้องสมุดวิทยาเขตนครสวรรค์
►หนังสือทั่วไป:l:General Books
บนชั้น
5. วิทยาศาสตร์การแพทย์ และสุขภาพ
วิทยาศาสตร์การแพทย์ และสุขภาพ
QY4 ม445พ ฉ.4 
  Barcode: 21154
ห้องสมุดวิทยาเขตนครสวรรค์
►หนังสือทั่วไป:l:General Books
บนชั้น
6. วิทยาศาสตร์การแพทย์ และสุขภาพ
วิทยาศาสตร์การแพทย์ และสุขภาพ
QY4 ม445พ ฉ.5 
  Barcode: 21155
ห้องสมุดวิทยาเขตนครสวรรค์
►หนังสือทั่วไป:l:General Books
บนชั้น
7. วิทยาศาสตร์การแพทย์ และสุขภาพ
วิทยาศาสตร์การแพทย์ และสุขภาพ
QY4 ม445พ ฉ.6 
  Barcode: 21156
ห้องสมุดวิทยาเขตนครสวรรค์
►หนังสือทั่วไป:l:General Books
บนชั้น
8. วิทยาศาสตร์การแพทย์ และสุขภาพ
วิทยาศาสตร์การแพทย์ และสุขภาพ
QY4 ม445พ ฉ.7 
  Barcode: 21157
ห้องสมุดวิทยาเขตนครสวรรค์
►หนังสือทั่วไป:l:General Books
บนชั้น
9. วิทยาศาสตร์การแพทย์ และสุขภาพ
วิทยาศาสตร์การแพทย์ และสุขภาพ
QY4 ม445พ ฉ.8 
  Barcode: 21158
ห้องสมุดวิทยาเขตนครสวรรค์
►หนังสือทั่วไป:l:General Books
บนชั้น
10. วิทยาศาสตร์การแพทย์ และสุขภาพ
วิทยาศาสตร์การแพทย์ และสุขภาพ
QY4 ม445พ ฉ.9 
  Barcode: 21159
ห้องสมุดวิทยาเขตนครสวรรค์
►หนังสือทั่วไป:l:General Books
บนชั้น

รายการใกล้เคียง
    หัวเรื่อง [Pathology, Clinical]
    หัวเรื่อง [พยาธิวิทยาคลินิก]
    หัวเรื่อง [เคมีคลินิก]
    หัวเรื่อง [ปรสิตวิทยา]
    หัวเรื่อง [วิทยาภูมิคุ้มกัน]
    หัวเรื่อง [โลหิตวิทยา]

BibComment


ยังไม่เคยถูกคอมเมนท์

คอมเมนท์ทรัพยากรรายการนี้
  คอมเมนท์: พยาธิวิทยาคลินิก ..


 Copyright 2026. Bcnsprnw @Library